000 00467nam a2200205Ia 4500
003 OSt
005 20220802161531.0
008 210210b1995 xxu||||| |||| 00| 0 eng d
040 _cAL
041 _aeng
082 _a344.01 KAPE
100 _aKAPOOR (N D)
_954452
245 _aElements of industrial law
250 _a8
260 _aND
_bSultan Chand & Sons
_c1995
300 _axiv,336
690 _aSocial Law
_954453
906 _a050916
942 _2ddc
_cBK
999 _c99587
_d99587